000 00310nam a2200121Ia 4500
008 190216s9999||||xx |||||||||||||| ||und||
100 _aRuddar Dutt And Sundharam Kpm
245 0 _aDevelopment Issues Of The Indian Economy
260 _bS Chand & Co
_c1982
300 _a656p
650 _aEconomics
942 _cBK
999 _c9513
_d9513